| 000 | 01175cam a2200265 4500 | ||
|---|---|---|---|
| 008 | 020517n2002 000 0 eng u | ||
| 020 | _a1861343485 | ||
| 035 | _a(Sirsi) u118001 | ||
| 041 | _aeng. | ||
| 050 | _a333.33850941 | ||
| 100 |
_aLowe, S. _xEditor |
||
| 245 | 4 | _aThe private rented sector in a new century: revival or false dawn? | |
| 260 |
_aBristol _bPolicy Press _c2002 |
||
| 300 |
_axi,224p. _c24cm. |
||
| 350 | _a18.99 | ||
| 520 | _aFocuses on the private rented sector and the role it continues to play in the housing market. The initial chapters provide background information on the history and development of the private rented sector. The remaining chapters explore the changing nature of the sector and how it relates to the social housing sectors, the impact of the social security system, the financing and investment context of the sector, the experience of young people and the issues of housing standards. | ||
| 650 | _aPRIVATE RENTED HOUSING | ||
| 650 | _aHOUSING BENEFIT | ||
| 650 | _aSOCIAL SECURITY | ||
| 650 | _aSOCIAL HOUSING | ||
| 650 | _aHOUSING POLICY | ||
| 690 | _aHOUSING | ||
| 700 |
_aHughes, D. _xEditor |
||
| 942 | _n0 | ||
| 999 |
_c102076 _d102076 |
||